| 000 | 00613nam a22002417a 4500 | ||
|---|---|---|---|
| 003 | LC | ||
| 005 | 20160414132644.0 | ||
| 008 | 130307t xxu||||| |||| 00| 0 eng d | ||
| 020 | _a8477118426 | ||
| 050 |
_aG 11 _b.C355 2003 |
||
| 082 |
_aIB 460 _bEs6 2009 |
||
| 100 | _aCastro, Francisca | ||
| 245 |
_aNuevo ven 2: _blibro del alumno _cFrancisca Castro |
||
| 260 |
_a (S.A., Madrid) _b: Edelsa Grupo Didascalia _c2003 |
||
| 300 |
_a191 p. : _c28 cm. _bill. col. ; |
||
| 562 | _e5 | ||
| 942 |
_2lcc _cBK |
||
| 999 |
_c2107 _d2107 |
||